MyGZULibrary

Grace, tenacity and eloquence : (Record no. 8212)

MARC details
000 -LEADER
fixed length control field 01292cam a2200397 a 4500
001 - CONTROL NUMBER
control field 14978252
003 - CONTROL NUMBER IDENTIFIER
control field GZU
005 - DATE AND TIME OF LATEST TRANSACTION
control field 20210517144721.0
008 - FIXED-LENGTH DATA ELEMENTS--GENERAL INFORMATION
fixed length control field 070824s2007 enk b 000 0 eng
010 ## - LIBRARY OF CONGRESS CONTROL NUMBER
LC control number 2007383815
015 ## - NATIONAL BIBLIOGRAPHY NUMBER
National bibliography number GBA714892
Source bnb
016 7# - NATIONAL BIBLIOGRAPHIC AGENCY CONTROL NUMBER
Record control number 013678768
Source Uk
020 ## - INTERNATIONAL STANDARD BOOK NUMBER
International Standard Book Number 9780954563721 (pbk.)
020 ## - INTERNATIONAL STANDARD BOOK NUMBER
International Standard Book Number 0954563727 (pbk.)
035 ## - SYSTEM CONTROL NUMBER
System control number (CStRLIN)CUBGGLAD17545870-B
035 ## - SYSTEM CONTROL NUMBER
System control number (CU)GLAD17545870
040 ## - CATALOGING SOURCE
Original cataloging agency UKM
Transcribing agency UKM
Modifying agency CUY
-- DLC
042 ## - AUTHENTICATION CODE
Authentication code lccopycat
-- lcode
043 ## - GEOGRAPHIC AREA CODE
Geographic area code f------
050 00 - LIBRARY OF CONGRESS CALL NUMBER
Classification number HQ1236.5 GRA 2007
Item number G73 2007
082 04 - DEWEY DECIMAL CLASSIFICATION NUMBER
Classification number 323.34096
Edition number 22
245 00 - TITLE STATEMENT
Title Grace, tenacity and eloquence :
Remainder of title the struggle for women's rights in Africa /
Statement of responsibility, etc. edited by Patrick Burnett, Shereen Karmali, Firoze Manji.
260 ## - PUBLICATION, DISTRIBUTION, ETC.
Place of publication, distribution, etc. Oxford :
Name of publisher, distributor, etc. Fahamu,
Date of publication, distribution, etc. 2007.
300 ## - PHYSICAL DESCRIPTION
Extent viii, 222 p. ;
Dimensions 23 cm.
500 ## - GENERAL NOTE
General note Includes references
504 ## - BIBLIOGRAPHY, ETC. NOTE
Bibliography, etc. note Includes bibliographical references.
650 #0 - SUBJECT ADDED ENTRY--TOPICAL TERM
Topical term or geographic name entry element Women's rights
Geographic subdivision Africa.
650 #0 - SUBJECT ADDED ENTRY--TOPICAL TERM
Topical term or geographic name entry element Women
General subdivision Violence against
Geographic subdivision Africa.
650 #0 - SUBJECT ADDED ENTRY--TOPICAL TERM
Topical term or geographic name entry element Women in Islam
Geographic subdivision Africa.
700 1# - ADDED ENTRY--PERSONAL NAME
Personal name Burnett, Patrick.
700 1# - ADDED ENTRY--PERSONAL NAME
Personal name Karmali, Shereen.
700 1# - ADDED ENTRY--PERSONAL NAME
Personal name Manji, Firoze.
906 ## - LOCAL DATA ELEMENT F, LDF (RLIN)
a 7
b cbc
c copycat
d 3
e ncip
f 20
g y-gencatlg
942 ## - ADDED ENTRY ELEMENTS (KOHA)
Source of classification or shelving scheme Library of Congress Classification
Koha item type Books
Classification part 1236.5
Item part GRA
Call number prefix HQ
Holdings
Withdrawn status Lost status Damaged status Not for loan Collection code Home library Current library Shelving location Date acquired Total Checkouts Full call number Barcode Date last seen Copy number Price effective from Koha item type
        Non-fiction Gender Resource Centre Gender Resource Centre General Stacks 05/17/2021   HQ1236.5 GRA 2007 001260 05/17/2021 c.1 05/17/2021 Books